Matemática de las opciones : o cómo contar sin contar /
Guardado en:
| Autor Principal: | |
|---|---|
| Otros Autores: | |
| Formato: | Libro |
| Idioma: | Spanish English |
| Publicado: |
Buenos Aires :
Red Olímpica,
c1995.
|
| Etiquetas: |
Agregar Etiqueta
Sin Etiquetas, Sea el primero en etiquetar este registro!
|
| LEADER | 00850nam a22002175a 4500 | ||
|---|---|---|---|
| 001 | MAT.inmabb003807 | ||
| 008 | 060223s1995####ag#a#####b####001#0#spa#d | ||
| 005 | 20130227161045.0 | ||
| 245 | 1 | 0 | |a Matemática de las opciones : |b o cómo contar sin contar / |c Ivan Niven ; [traductor: Edgardo N. Güichal]. |
| 260 | |a Buenos Aires : |b Red Olímpica, |c c1995. | ||
| 300 | |a 224 p. : |b il. ; |c 26 cm. | ||
| 500 | |a Traducción de: Mathematics of choice : or, How to count without counting. Washington : Mathematical Association of America, c1965. | ||
| 504 | |a Bibliografía: p. 219. | ||
| 020 | |a 9879072049 | ||
| 100 | 1 | |a Niven, Ivan Morton, |d 1915- | |
| 240 | 1 | 0 | |a Mathematics of choice. |l Español |
| 700 | 1 | |a Güichal, Edgardo N. |4 trl | |
| 246 | 3 | 0 | |a Cómo contar sin contar |
| 084 | |a 05-01 |2 msc2000 | ||
| 041 | 1 | |a spa |h eng | |
| 859 | |h 05 |i N734e |p A-7216 |b BIB. MATEMATICA | ||
